Nuestra juventud /
En esta obra Péguy expone su pensamiento respecto a la república francesa antes de la Primera Guerra Mundial. En la misma incluye su posición respecto al proceso de antisemitismo conocido como "el caso Dreyfus" que lo orilló a un rompimiento con sus amigos socialistas por las posturas tomadas ante e...
Tallennettuna:
| Päätekijä: | |
|---|---|
| Aineistotyyppi: | Kirja |
| Kieli: | espanja |
| Sarja: | (Grandes Ensayistas ;
10) |
| Aiheet: | |
| Tagit: |
Ei tageja, Lisää ensimmäinen tagi!
|
MARC
| LEADER | 00000nam^a2200000^a^4500 | ||
|---|---|---|---|
| 001 | 000335703 | ||
| 005 | 20250521000000.0 | ||
| 009 | 20260310114237.139 | ||
| 037 | |a Acervo Xavier Clavigero | ||
| 041 | |a ESP | ||
| 082 | |a 320. 944081 |b PEG | ||
| 100 | |a Péguy, Charles |e (autor) | ||
| 240 | 1 | 1 | |a [Nuestra juventud, de Charles Péguy] |
| 245 | 1 | 0 | |a Nuestra juventud / |c C. Péguy ; tr. por María Zoraida Villarroel. |
| 264 | |a Buenos Aires, Argentina : |b Emecé, |c 1945 | ||
| 300 | |a 239 p. | ||
| 336 | |a texto |b txt |2 rdacontenido | ||
| 337 | |a sin mediación |b n |2 rdamedio | ||
| 338 | |a volumen |b nc |2 rdasoporte | ||
| 440 | 1 | |a (Grandes Ensayistas ; |v 10) | |
| 500 | |a Traducción de: Notre jeunesse | ||
| 520 | |a En esta obra Péguy expone su pensamiento respecto a la república francesa antes de la Primera Guerra Mundial. En la misma incluye su posición respecto al proceso de antisemitismo conocido como "el caso Dreyfus" que lo orilló a un rompimiento con sus amigos socialistas por las posturas tomadas ante este hecho. | ||
| 545 | 0 | |a El poeta, ensayista y filósofo francés Charles Péguy (1873-1914), posee una esmerada obra que refleja el socialismo utópico de finales del siglo XIX y principios del XX, así como su etapa de reconversión católica hacia un misticismo cristiano. En su corta vida finca un pensamiento filosófico influenciado al principio por Romain Rolland y Henri Bergson. Sus escritos Le porche du mystère de la deuxiéme vertu (1911), Tapices de Santa Genoveva y de Juana de Arco (1912), La tapisserie de Notre-Dame (1913) y Eve (1913) están considerados entre los mejores poemas cristianos franceses de principios del siglo XX. Sus ensayos Situations (1906-07), Un nouveau théologien (1911), L'argent (1913) y Clio (póstumo, 1917) reflejan su pensamiento en el contexto de las pugnas políticas e intelectuales entre socialistas y humanistas católicos. En teatro El misterio de los santos inocentes (1912) y El misterio de la caridad de Juana de Arco (1913). | |
| 649 | |a XX | ||
| 650 | |a Antisemitismo - |z Francia - |x Historia | ||
| 650 | |a Socialismo - |z Francia - |x Historia | ||
| 650 | |a Socialismo - |x Historia y Crítica | ||
| 650 | |a Política - |z Francia - |x Historia - |y Tercera República, 1870-1940 - |x Tema Principal | ||
| 650 | |a Francia - |x Historia - |y Caso Dreyfus, 1894-1906 | ||
| 650 | |a Francia - |x Historia - |y Tercera República, 1870-1940 | ||
| 650 | |a Francia - |x Condiciones Sociales y Culturales - |x Tema Principal | ||
| 650 | |a Francia - |x Condiciones Políticas | ||
| 910 | |a Fondo General | ||
| 920 | |a Impresos - Libros | ||
| 930 | |a Colección General | ||
| 905 | |a 101 | ||
| 901 | |a 040814 |b IT1 |c ACC |u 20250521 | ||
| 902 | |a https://opac.biblio.iteso.mx/vufind/Record/000335703 | ||